Historický úspech rybárov

Bibliographic Details
Format: Article
Language:Slovak
PhysicalDescription:Fotogr.
Subjects:

MARC

LEADER 00000nab a2200000 a 4500
001 vtls008158850
003 SK-MaSNL
005 20260303074636.0
008 050607 2004 xo w n 000 0 slo
015 |a SLLK2004  |2 sllk 
040 |a SLLK  |b slo  |c SLLK  |e AACR2 
041 0 |a slo 
044 |a xo  |c SK 
080 |a 799.12  |2 UDC-MRF-SK2 
245 0 0 |a Historický úspech rybárov  |c [autor] (F.K.) 
300 |b Fotogr. 
600 1 7 |a Čanda, Jozef  |2 snkbucl  |9 536225 
600 1 7 |a Bodnár, Miloš  |2 snkbucl  |9 1027880 
611 1 7 |a Majstrovstvá sveta národov v love rýb na umelú mušku  |n 24.  |d 2004  |c Slovensko  |2 sllk  |9 1078016 
648 7 |a 2004  |2 SNK  |9 303492 
650 0 7 |a muškárenie  |2 SNKPH  |9 14436 
650 0 7 |a majstrovstvá sveta  |2 SNKPH  |9 449569 
651 7 |a Stará Ľubovňa (Slovensko)  |2 sllk  |9 19193 
773 0 |t Ľubovnianske noviny  |g Roč. XXX, č. 40 (7.10.2004), s. [2] 
852 |a SLLK  |b KIS3GCP 
999 |c 1772425  |d 1774355